| 000 | 00491nam a22001577a 4500 | ||
|---|---|---|---|
| 003 | NUST | ||
| 038 | _asaima | ||
| 082 |
_a005 _bMCS |
||
| 100 |
_aRasul, Asma Ghulam _935224 |
||
| 245 | _aHandwriting Analysis of Offline Data for Gender Predication / (Only Hard Copy Available) | ||
| 260 |
_aIslamabad : _bMCS - NUST, _c2016 |
||
| 300 |
_a59 p. ; _c30cm. |
||
| 650 |
_aComputer Sciences-Handwriting Analysis of Offline Data _935225 |
||
| 700 |
_aDr. Hammad Afzal _935034 |
||
| 942 |
_2ddc _cTHE |
||
| 999 |
_c540926 _d540926 |
||